000 00640nam a2200229Ia 4500
003 OSt
005 20220923225955.0
006 a|||||r|||| 00| 0
007 ta
008 Pun
024 _a276,447
037 _cTextual
040 _aARTS
_cARTS
_bPun
041 _2Pun
_aPun
082 _aO153,1NAT4x, L3;N1
100 _aਆਨੰਦ, ਸੁਜਾਨ ਸਿੰਘ
_9156315
245 0 _aਸੁਨਹਿਰੀ ਕਿਰਣਾਂ
260 _c1973
650 _aਪੰਜਾਬੀ ਸਾਹਿਤ
942 _hO153,1NAT4x, L3;N1
_cTEXL
_2CC
999 _c381704
_d381704